UM Logo

Zero leakage current single-phase quasi-single-stage transformerless PV inverter with unipolar SPWM / (Record no. 20176)

MARC details
000 -LEADER
fixed length control field 01038nam a22002537a 4500
003 - CONTROL NUMBER IDENTIFIER
control field OSt
005 - DATE AND TIME OF LATEST TRANSACTION
control field 20250904151232.0
008 - FIXED-LENGTH DATA ELEMENTS--GENERAL INFORMATION
fixed length control field 240426b ||||| |||| 00| 0 eng d
040 ## - CATALOGING SOURCE
Transcribing agency 0
082 ## - DEWEY DECIMAL CLASSIFICATION NUMBER
Classification number DPer 621.317 Ie21 November 2022 v. 37 n. 11
100 ## - MAIN ENTRY--PERSONAL NAME
Personal name Peng, Fan.
Relator term author.
9 (RLIN) 56761
245 ## - TITLE STATEMENT
Title Zero leakage current single-phase quasi-single-stage transformerless PV inverter with unipolar SPWM /
Statement of responsibility, etc. Fan Peng, Guohua Zhou, Nengmou Xu, and Siya Gao.
260 ## - PUBLICATION, DISTRIBUTION, ETC. (IMPRINT)
Place of publication, distribution, etc. New York ;
Name of publisher, distributor, etc. The Institute of Electrical and Electronics Engineers, Inc. ,
Date of publication, distribution, etc. November 2022.
300 ## - PHYSICAL DESCRIPTION
Extent Volume 37, pages 13755-13766 :
Other physical details illustration ;
Dimensions 28 cm.
500 ## - GENERAL NOTE
General note IEEE Transactions on Power Electronics, vol. 37, no. 11, pages 13755-13766, November 2022.
650 #0 - SUBJECT ADDED ENTRY--TOPICAL TERM
Topical term or geographic name as entry element Capacitors.
9 (RLIN) 65717
650 #0 - SUBJECT ADDED ENTRY--TOPICAL TERM
Topical term or geographic name as entry element Leakage currents.
9 (RLIN) 66323
650 #0 - SUBJECT ADDED ENTRY--TOPICAL TERM
Topical term or geographic name as entry element Voltage.
9 (RLIN) 65931
700 ## - ADDED ENTRY--PERSONAL NAME
Personal name Peng, Fan.
Relator term author.
9 (RLIN) 56761
700 ## - ADDED ENTRY--PERSONAL NAME
Personal name Zhou, Guohua.
Relator term author.
9 (RLIN) 56762
700 ## - ADDED ENTRY--PERSONAL NAME
Personal name Xu, Nengmou.
Relator term author.
9 (RLIN) 56763
700 ## - ADDED ENTRY--PERSONAL NAME
Personal name Gao, Siya.
Relator term author.
9 (RLIN) 56764
942 ## - ADDED ENTRY ELEMENTS (KOHA)
Source of classification or shelving scheme Dewey Decimal Classification
Koha item type Periodicals
Holdings
Withdrawn status Lost status Source of classification or shelving scheme Damaged status Not for loan Collection code Home library Current library Date acquired Total Checkouts Full call number Date last seen Price effective from Koha item type Public note
    Dewey Decimal Classification     Periodicals UM Digos College - LIC UM Digos College - LIC 04/26/2024   DPer 621.317 Ie21 November 2022 v. 37 n. 11 04/26/2024 04/26/2024 Periodicals Periodical Article